01507nam a22003857a 4500001001000000003000900010005001700019007000300036008003400039040005400073041001000127072002600137100001800163100001800181100001700199100002000216100001900236100002300255100001500278100001500293110007100308245026400379246019000643260004700833300001100880500007000891650002100961650001900982650002501001650001401026650001501040650002201055650002201077650002201099BR8500523BR-BrBNA20230928092046.0ta230509b bl.||||| |||| 00| 0 por d aBR-BrBNAbporcBiblioteca Nacional de Agricultura a(Por) aE15; F00b0230b/G5141 aBatista, G.T.1 aLima, A.M. de1 aJardin, A.T.1 aRudorff, B.F.T.1 aMendonca, F.J.1 aPinto, S. dos A.F.1 aChen, S.C.1 aDuarte, V.1 aInstituto de Pesquisas Espaciais, Sao Jose dos Campos, SP (Brasil)1 aDesenvolvimento e teste de um sistema de fiscalizacao das operacoes de credito agricola ao nivel de municipio e de propriedades agricolas utilizando tecnicas de sensoriamento remoto [Aracatuba, Guararapes, Sao Paulo, cana de acucar, Brasil]bINPE-3239-RPE/4621 a[Development and testing of remote sensing techniques for supporting the rural credit supervision system at county and farm levels [Aracatuba, Guararapes, Sao Paulo, sugarcane, Brazil]]3 aSao Jose dos Campos, SP (Brasil): c1984.  a103 p. a6 illus.; 19 tables; 2 Maps (scale 1:250,000)Summaries (Eng, Por) aCREDITO AGRICOLA aCANA DE ACUCAR aSENSORIAMENTO REMOTO aARACATUBA aGUARARAPES aFOTOINTERPRETACAO aAEROFOTOGRAMETRIA aPROPRIEDADE RURAL